000 00628nam a2200193Ii 4500
003 JO-AjNU
008 230605s9999||||xx |||||||||||||| ||und||
040 _aJO-AjNU
_bara
_erda
_cJO-AjNU
041 _aara
050 1 4 _aTT515 1991
100 3 _aحسين، تحية كامل ,
_eauthor
_937462
245 0 0 _aالمؤثرات الغير مرئية على الازياء
264 3 1 _aالقاهرة: مكتبة الانجلو الامريكية ، 1991
300 _a81ص
336 _atext
_btxt
_2rdacontent
337 _aunmediated
_bn
_2rdamedia
338 _avolume
_bnc
_2rdacarrier
650 4 _aالخياطة
_937463
999 _aA15655
_c19223
_d19223